000 00689cab a2200205 4500
001 ABS37612
008 090401t1987 xxu||||| |||| 00| 0 eng d
035 _a(Sirsi) u5574
041 _aeng
100 _aRank, P.M.
245 _aLandlord and tenant law review
260 _c1987
350 _a0
490 _aSolicitors` Journal
_v131(16) 17 April 1987, 490-492(3)
520 _aReviews case law influenced by the decision in Street v Mountford 1985, (Abstract 34734) with coverage of recent cases on the Rent Acts.
650 _aRENT ACT 1977
690 _aPROPERTY-RESIDENTIAL PROPERTY-RESIDENTIAL LANDLORD AND TENANT-RESIDENTIAL TENANCIES
942 _n0
948 _c04/03/1997
999 _c3324
_d3324